000 00270cam a22000977a 4500
008 180718b1962 xxu||||| |||| 00| 0 eng d
082 _aZ422x5452 M267r
245 _aReport of the full finance scheme committee
260 _aMadras
_bGovernment Press
_c1962
300 _a161p.
999 _c499516
_d499516